00545cam a22002057a 4500003000500000005001700005008004100022010001000063011001000073035001000083040000900093082001600102100004100118245001600159260004100175300003900216490003500255650001400290830003500304CHAP20220329135808.0971013s1971 r 00010 d a42304 a43276 a47412 cCHAP a634.55bF7Y00aFrancia. Ministere de L'Agriculture.13aEl almendro aLérida, España :bDilagro,c1971 a253 p.b: ilus. ; gráfs. ; mapas 0aBiblioteca Agrícola Básica14aAlmendro.0 aBiblioteca Agrícola Básica